000 00234nam a22000857a 4500
008 161124b xxu||||| |||| 00| 0 eng d
100 _91397
_aYoung Learners
245 _aSleeping Beauty
260 _aNew Delhi
_bYoung Learners publicaton
_c2011
999 _c4113
_d4113